000 00296nam a2200109Ia 4500
008 190216s9999||||xx |||||||||||||| ||und||
100 _a"Gopalaraman, Ramachandran, Devarajan, Richard Etc"
245 0 _aMedical Entrance
260 _bContinental Publishers
_c1988
300 _a1156p
942 _cREF
999 _c35925
_d35925